| 000 | 00557cam a2200205 4500 | ||
|---|---|---|---|
| 001 | J2905 | ||
| 008 | 090401t1994 xxu||||| |||| 00| 0 eng d | ||
| 035 | _a(Sirsi) u51821 | ||
| 041 | _aeng | ||
| 050 | _a526.9 | ||
| 110 | _aFederation International Des Geometres | ||
| 245 | _aFIG XX congress: Melbourne 5th - 12th March 1994 (Volume O: official report of the congress). | ||
| 260 |
_aDeakin, ACT _bFIG _c1994 |
||
| 300 | _a361p. : ill. ; 21cm. | ||
| 350 | _a0 | ||
| 650 | _aCONFERENCES | ||
| 650 | _aSURVEYORS | ||
| 942 | _n0 | ||
| 948 | _c04/03/1997 | ||
| 999 |
_c92962 _d92962 |
||